All 20k+ Cities in Cuba - Statistics

General Stats
  • This quiz has been taken 42 times
  • The average score is 11 of 58
Answers on the Map
Answers color-coded by a green-red scale on the quiz's map according to % correct below.
 
Answer Stats
Answer % Correct
La Habana
92%
Santiago de Cuba
77%
Guantánamo
69%
Santa Clara
62%
Camagüey
54%
Holguín
46%
Pinar del Río
46%
Trinidad
46%
Las Tunas
38%
Cienfuegos
31%
Matanzas
31%
Morón
31%
Nueva Gerona
31%
Sancti Spíritus
31%
Ciego de Ávila
23%
Colombia
23%
Florida
23%
San Cristóbal
23%
Artemisa
15%
Baracoa
15%
Bayamo
15%
Consolación del Sur
15%
Manzanillo
15%
San Luis
15%
Amancio
8%
Banes
8%
Bauta
8%
Cabaiguán
8%
Caibarién
8%
Camajuaní
8%
Cárdenas
8%
Colón
8%
Contramaestre
8%
Cumanayagua
8%
Guanajay
8%
Güines
8%
Güira de Melena
8%
Guisa
8%
Jagüey Grande
8%
Jatibonico
8%
Jiguaní
8%
Jobabo
8%
Jovellanos
8%
La Maya
8%
Manicaragua
8%
Mayarí
8%
Moa
8%
Niquero
8%
Nuevitas
8%
Palma Soriano
8%
Placetas
8%
Puerto Padre
8%
Sagua de Tánamo
8%
Sagua la Grande
8%
San Antonio de los Baños
8%
San Germán
8%
San José de las Lajas
8%
Vertientes
8%
No matching quizzes found
Score Distribution
Percent of People with Each Score
Percentile by Number Answered
Your Score History
You have not taken this quiz